|
|
|
|
| LEADER |
01071nam a2200277 u 4500 |
| 001 |
10024605 |
| 003 |
upatras |
| 005 |
20210117205851.0 |
| 008 |
970620s1971 uk eng |
| 040 |
|
|
|a GR-PaULI
|c GR-PaULI
|
| 041 |
0 |
|
|a eng
|
| 082 |
0 |
4 |
|a 530.41
|
| 100 |
1 |
|
|a Pincherle, L.
|9 150835
|
| 245 |
1 |
0 |
|a Electronic energy bands in solids
|c L. Pincherle
|
| 260 |
|
|
|a London
|b Macdonald
|c 1971
|
| 300 |
|
|
|a vi, 196 p.
|b fig., tab.
|c 24 cm.
|
| 490 |
0 |
|
|a University physics series
|
| 504 |
|
|
|a Includes references and index
|
| 650 |
|
4 |
|a Θεωρία ενεργειακών ζωνών
|x Στερεά
|9 150437
|
| 650 |
|
4 |
|9 179
|a Φυσική της στερεάς κατάστασης
|
| 760 |
1 |
|
|a University physics series
|
| 852 |
|
|
|a GR-PaULI
|b ΠΑΤΡΑ
|b ΦΥΣΙΚΟ
|k ΑΕΧ-1
|h 530.41 PIN
|m 00677
|p 025000019022
|t 1
|
| 942 |
|
|
|2 ddc
|c BK15
|
| 952 |
|
|
|0 0
|1 0
|4 0
|6 530_410000000000000_PIN
|7 0
|9 193850
|a PHYS
|b PHYS
|d 2016-04-24
|i 00677
|l 0
|o 530.41 PIN
|p 025000019022
|r 2016-04-24 00:00:00
|t 1
|w 2016-04-24
|y BK15
|
| 998 |
|
|
|c ΔΡΑΚΟΠΟΥΛΟΥ
|d 1999-08
|
| 999 |
|
|
|c 118867
|d 118867
|